<A> guide to the governmental organization of science and technology in Britain britain refers to the United Kingdom of Great Britain and Northern Ireland

Gespeichert in:
Bibliographische Detailangaben
Format: Buch
Sprache:Englisch
Veröffentlicht: Manchester The British Council 1996
Schriftenreihe:Science works
Schlagworte:
Tags: Tag hinzufügen
Keine Tags, Fügen Sie das erste Tag hinzu!

MARC

LEADER 00000nam a2200000 4500
001 c104943
005 20221123123831.1
020 |a 0-86355-331-1 
041 0 |a eng 
044 |a GB 
245 1 0 |a <A> guide to the governmental organization of science and technology in Britain  |b britain refers to the United Kingdom of Great Britain and Northern Ireland 
264 1 |a Manchester  |b The British Council  |c 1996 
300 |a 102 s. 
490 1 |a Science works 
830 0 |a Science works 
610 2 0 |a inštitúcia 
610 2 0 |a organizácie 
610 2 0 |a sektor štátny 
610 2 0 |a sektor verejný 
610 2 0 |a ústavy výskumné 
610 2 0 |a agentúry 
610 2 0 |a veda 
610 2 0 |a technológia 
610 2 0 |a Veľká Británia 
610 2 0 |a Írsko